Хвалынск. Сосновый Остров (Запись № 11191647)

Подробности
000 -МАРКЕР
контрольное поле 01090nam0a2200301 4500
001 - ИДЕНТИФИКАТОР ЗАПИСИ
контрольное поле RU\NLR\BIBL_A\011340816
005 - ИДЕНТИФИКАТОР ВЕРСИИ
контрольное поле 20250626045527.0
010 ## - МЕЖДУНАРОДНЫЙ СТАНДАРТНЫЙ НОМЕР КНИГИ (ISBN)
Номер (ISBN) 978-5-9907402-3-5
Тираж 1000
021 ## - НОМЕР ГОСУДАРСТВЕННОЙ РЕГИСТРАЦИИ
Код страны Российская Федерация
Номер 2017-253и
Номер Листа государственной регистраци 21и
035 ## - ДРУГИЕ СИСТЕМНЫЕ НОМЕРА
Идентификатор записи (RuMoRGB)008801911
035 ## - ДРУГИЕ СИСТЕМНЫЕ НОМЕРА
Идентификатор записи (NLR Aleph) 011340816
100 ## - ДАННЫЕ ОБЩЕЙ ОБРАБОТКИ
Данные общей обработки 20170307d2016 |||y0rusy50 ca
101 0# - ЯЗЫК РЕСУРСА
Язык текста, звукозаписи и т.д. русский
102 ## - СТРАНА ПУБЛИКАЦИИ ИЛИ ПРОИЗВОДСТВА
Страна публикации Российская Федерация
105 ## - ПОЛЕ КОДИРОВАННЫХ ДАННЫХ: ТЕКСТОВЫЕ МАТЕРИАЛЫ, МОНОГРАФИЧЕСКИЕ
Кодированные данные о монографическом текстовом документе a zzzz||||yyy
200 1# - ЗАГЛАВИЕ И СВЕДЕНИЯ ОБ ОТВЕТСТВЕННОСТИ
Основное заглавие Хвалынск. Сосновый Остров
Сведения, относящиеся к заглавию [фотоальбом
Первые сведения об ответственности фот.: В. Бородина и др.
Последующие сведения об ответственности авт. текста: В. Бородина и др.]
210 ## - ПУБЛИКАЦИЯ, РАСПРОСТРАНЕНИЕ И ДР.
Место издания, распространения и т.д. Саратов
Имя издателя, распространителя и т. д. Волга
Дата издания, распространения и т.д. 2016
215 ## - ФИЗИЧЕСКАЯ ХАРАКТЕРИСТИКА
Специфическое обозначение материала и объем 94, [1] с.
Другие сведения о физической характеристике цв. ил.
Размеры 23
333 ## - ПРИМЕЧАНИЯ ОБ ОСОБЕННОСТЯХ РАСПРОСТРАНЕНИЯ И ИСПОЛЬЗОВАНИЯ
Текст примечания 6+
517 1# - ДРУГИЕ ВАРИАНТЫ ЗАГЛАВИЯ
Вариант заглавия Сосновый Остров
607 ## - ГЕОГРАФИЧЕСКОЕ НАИМЕНОВАНИЕ КАК ПРЕДМЕТ
Географическое наименование Хвалынск, город (Саратовская область)
Формальный подзаголовок Фотоальбомы
Тематический подзаголовок История
Системный номер авторитетной/нормативной записи 2204232
Идентификатор авторитетной/нормативной записи RU\NLR\AUTH\661324394
686 1# - ИНДЕКСЫ ДРУГИХ КЛАССИФИКАЦИЙ
Индекс Т3(2Р-4Са-2Х)я6
942 ## - ДОПОЛНИТЕЛЬНЫЕ ЭЛЕМЕНТЫ ЗАПИСИ (АБИС)
Тип экземпляра АБИС Книга
980 ## - КОЛЛЕКЦИЯ
Название коллекции Национальная библиография
Экземпляры
Тип экземпляра Дата поступления Источник поступления Библиотека постоянного хранения Библиотека текущего хранения Место хранения Шифр хранения Штрих-код Статус экземпляра
Книга 07.03.2017 Обязательный экземпляр РНБ (Садовая) РНБ (Садовая) Фонд эстампов и фотографий (изоизданий) Э АлТ63/2-Х301 1-1760373  
Книга 07.03.2017 Обязательный экземпляр РНБ (Садовая) РНБ (Садовая) Фонд эстампов и фотографий (изоизданий) Э АлТ63/2-Х301 1-1760380